00594nam a22002057a 450000500170000000800410001702000240005804000080008204100120009008200130010210000190011524500760013425000120021026000440022230000260026650400360029265000240032865000260035285000100037820180918143539.0180918b xxu||||| |||| 00| 0 eng d a0132274086cRs 2473 beng aEnglish a930bFAG aFagan, Brian M aPeople of the earthbAn introduction to world prehistorycBrian M Fagan a12th ed aNew JerseybPearson Prentice Hallc2007 axxii,598pb26 cm, ill aIncludes bibliography and index aPrehistoric peoples aCivilization, Ancient aLCLIB